ভিন্নচোখে সেলিম আল দীন, গ্রাম থিয়েটার ও নাটক বিষয়ক পাঁচমিশালি / (Record no. 14138)
[ view plain ]
| 000 -LEADER | |
|---|---|
| fixed length control field | 00834nam a2200217 a 4500 |
| 001 - CONTROL NUMBER | |
| JCCL Control Number | 14138 |
| 003 - CONTROL NUMBER IDENTIFIER | |
| JCCL marc code | BD-JhCC |
| 005 - DATE AND TIME OF LATEST TRANSACTION | |
| control field | 20250123110344.0 |
| 008 - FIXED-LENGTH DATA ELEMENTS--GENERAL INFORMATION | |
| fixed length control field | 171005b20222023b |||| ||a| 000 0 b d |
| 020 ## - INTERNATIONAL STANDARD BOOK NUMBER | |
| International Standard Book Number | 97898489610205 |
| 035 ## - SYSTEM CONTROL NUMBER | |
| system control number | (BD-JhCC) 14138 |
| 040 ## - CATALOGING SOURCE | |
| Original cataloging agency | BD-JhCC |
| Modifying agency | BD-JhCC |
| 041 ## - LANGUAGE CODE | |
| Language code of Book | bengali |
| 082 ## - DEWEY DECIMAL CLASSIFICATION NUMBER | |
| Classification number | 891.4409 |
| Author mark and Year | KHA 2022 |
| 100 ## - MAIN ENTRY--PERSONAL NAME | |
| Personal name | খান,মোঃ কামরুল হাসান |
| 245 ## - TITLE STATEMENT | |
| Title | ভিন্নচোখে সেলিম আল দীন, গ্রাম থিয়েটার ও নাটক বিষয়ক পাঁচমিশালি / |
| Statement of responsibility, etc | মোঃ কামরুল হাসান খান । |
| 260 ## - PUBLICATION, DISTRIBUTION, ETC. (IMPRINT) | |
| Place of publication, distribution, etc | ঢাকা: |
| Name of publisher, distributor, etc | হাওলাদার প্রকাশনী; |
| Date of publication, distribution, etc | 2022. |
| 300 ## - PHYSICAL DESCRIPTION | |
| Pagination | 158 p. : |
| Dimensions | 22 cm. |
| 650 ## - SUBJECT ADDED ENTRY--TOPICAL TERM | |
| Topical term or geographic name as entry element | Bengali literature . |
| 942 ## - ADDED ENTRY ELEMENTS (KOHA) | |
| Source of classification or shelving scheme | Dewey Decimal Classification |
| Koha item type | Books |
| Source of classification or shelving scheme | Damaged status | Not for loan | Home library | Current library | Shelving location | Date of accession | Cost, normal purchase price | Total Checkouts | Full call number | Barcode | Date last seen | Copy number | Method of acquisition | Koha item type | Currency |
|---|---|---|---|---|---|---|---|---|---|---|---|---|---|---|---|
| Dewey Decimal Classification | JCC Rouf Library | JCC Rouf Library | General Stacks | 300.00 | 891.4409 KHA 2022 | 19808 | 01/23/2025 | C-1 | Gift/Donation | Books | BDT |